| 000 | 02649nam a2200349 i 4500 | ||
|---|---|---|---|
| 003 | EG-ScBUE | ||
| 005 | 20230905102046.0 | ||
| 008 | 200219t2020 f a f b 001 0 eng d | ||
| 020 | _a9781138886483 | ||
| 040 |
_aEG-ScBUE _beng _erda _cEG-ScBUE _dEG-ScBUE |
||
| 082 | 0 | 4 |
_a791.4334 _222 _bRAL |
| 100 | 1 |
_aRall, Hannes, _d1965- _eauthor. |
|
| 245 | 1 | 0 |
_aAdaptation for animation : _btransforming literature frame by frame / _cHannes Rall. |
| 264 | 1 |
_aBoca Raton, FL : _bCRC Press, Taylor & Francis Group, _c[2020] |
|
| 264 | 4 | _cc2020 | |
| 300 |
_a472 pages : _billustrations (some color) ; _c24 cm |
||
| 336 |
_atext _btxt _2rdacontent |
||
| 337 |
_aunmediated _bn _2rdamedia |
||
| 338 |
_avolume _bnc _2rdacarrier |
||
| 500 | _a"A Focal Press Book". | ||
| 504 | _aIncluded bibliographical references and index. | ||
| 505 | 0 | _aGiannalberto Bendazzi -- John Canemaker -- Animated ever after : the fairy tale adaptation -- Things that go bump on the screen : adapting gothic literature for animation -- As you like it : adapting Shakespeare for animation -- Sushi on sauerkraut? Transcultural adaptation -- Visual poetry and experimental adaptation : rhyme with reason -- Uncharted territories : adapting contemporary literature for animation -- Visual development and artistic research : how story defines style for animated adaptations. | |
| 520 |
_a"Talented animation artists often neglect successful storytelling in favour of strong visuals, but now you can have both with this complete guide to adaptation for animation. Veteran independent filmmaker Hannes Rall teaches you how to draw and adapt inspiration from copyright-free materials like fairy tales, myths, and classic literature, making it easier than ever to create your own compelling narrative. Exclusive interviews with world renowned animation historians Giannalberto Bendazzi and John Canemaker introduce to the topic. With sections on subjects like transcultural adaptations, visual poetry and production design, this book is just the right mix of practical advice, lavish illustrations, and industry case studies to give you everything you need to start adapting your story today"-- _cProvided by publisher. |
||
| 650 | 7 |
_aAnimated films _xProduction and direction. _2BUEsh |
|
| 650 | 7 |
_aFilm adaptations. _2BUEsh |
|
| 650 | 7 |
_aAnimation (Cinematography) _2BUEsh |
|
| 650 | 7 |
_aMotion picture authorship. _2BUEsh |
|
| 653 |
_bART _2IA |
||
| 655 | _vReading book | ||
| 942 |
_2ddc _cBB |
||
| 949 |
_tNONCIRC _l_ULDEMAND _mI-UNIVLIB _o.PUBLIC. Books on Demand service for IUPUI University Library users only _o.PUBLIC. Click the “Get this for IUPUI” button to submit a request. |
||
| 999 |
_c30515 _d30486 |
||